| 000 | 00358 a2200157 4500 | ||
|---|---|---|---|
| 001 | 74918 | ||
| 020 | _a9788526013001 | ||
| 040 | _cAnchieta - Colégio São Paulo | ||
| 100 | _aRocha, Ruth | ||
| 240 | 1 | 0 |
_aQuem tem medo do novo? _lpor |
| 245 | 1 | 0 | _aQuem tem medo do novo? |
| 300 | _a[24] | ||
| 362 | 0 | _a2014 | |
| 650 | 4 | _aLiteratura infantil | |
| 942 | _cBK | ||
| 999 |
_c74918 _d74918 |
||